000 00806nam a2200241 i 4500
001 19337
003 ES-MaACL
005 20230906152054.0
007 t|
008 020724s2001 sp |||| | spa j
020 _a84-493-1182-9
080 _a1 Nietzsche, Friedrich
100 1 _aVattimo, Gianni.
_9113303
245 1 0 _aDiálogo con Nietzsche
_b: ensayos 1961-2000 /
_cGianni Vattimo ; [traducción de Carmen Revilla].
260 _aBarcelona :
_bPaidós Ibérica,
_c[2001]
300 _a305 p ;
_c21 cm.
490 1 _aBiblioteca del presente ;
_v19
600 1 4 _aNietzsche, Friedrich,
_d1844-1900-
_xCrítica e interpretación
_985721
700 1 _aRevilla, Carmen.
_996426
830 0 _aBiblioteca del presente ;
_v19
_9188988
852 _aES-MaACL
_jL-25777
999 _c19337
_d19337